00370nam a22000977a 4500008004100000082001700041100000800058245016200066260003500228300000900263230612b xxu||||| |||| 00| 0 eng d a354.676bGOK cGOK a2009/2010 District Allocation Budget and Project Details of the GOK for the Year Ending 30th June, 2010bVote R 20 and D20 cMinistry of Water and Irrigation aNairobi, KenyabGOKcJune 2010 a115p